Materiales para el analisis socio-económico de la Cataluña del primer cuarto de siglo XVIII / Pedro Voltes Bou
Descripción Física:
p. 287-380 ; 24'5 cm
Materias:
Economia -- Catalunya -- S. XVIII
MARC
| LEADER | 00000nam a2200000Ia 4500 | ||
|---|---|---|---|
| 001 | 892 | ||
| 008 | 160829s9999 xx 000 0 cat d | ||
| 080 | |a M-1-240 | ||
| 100 | 1 | |a Voltes Bou, Pere, |d 1926-2009 |9 22645 | |
| 245 | |a Materiales para el analisis socio-económico de la Cataluña del primer cuarto de siglo XVIII / Pedro Voltes Bou | ||
| 260 | |a Barcelona : |b (Comercial y Artes Gráficas) ; 1970 | ||
| 300 | |a p. 287-380 ; |c 24'5 cm | ||
| 590 | |a Extret de 'Cuadernos de Historia Económica de Cataluña' (1969-1970) | ||
| 650 | |a Economia |x Catalunya |x S. XVIII |9 33183 | ||
| 901 | |a Arxiu | ||
| 942 | |n 1 | ||
| 952 | |0 0 |1 0 |4 0 |6 M1240 |7 1 |9 42853 |a Arxiu |b Arxiu |d 2016-12-01 |l 0 |o M-1-240 |p 892 |r 2016-12-01 00:00:00 |w 2016-12-01 |y ARXIU | ||
| 999 | |c 45359 |d 45359 | ||